Transformaė̳s do direito administrativo Consequencialismo e estratǧias regulatr̤ias

Detalles Bibliográficos
Formato: eBook
Lenguaje:portugués
Publicado: Rio de Janeiro: FGV - Direito Rio, 2016
Materias:
Acceso en línea:Acceso restringido

MARC

LEADER 00000nam a22000007a 4500
005 20170604222039.0
007 cr|||| ||||
008 170604s2016 br |||||s|||| 00||0 por d
020 |a 978-85-63265-78-4 
035 |a 20325 
040 |a vLex 
090 |c 6744  |d 6744 
245 0 0 |a Transformaė̳s do direito administrativo  |h [Recurso electrn̤ico] :  |b Consequencialismo e estratǧias regulatr̤ias 
256 |a Servicio en ln̕ea 
260 |a Rio de Janeiro:  |b FGV - Direito Rio,  |c 2016 
300 |a 1 recurso electrn̤ico (400 p.) 
506 1 |a Disponible solo en los productos indicados  |d vLex Global  |d vLex Global (Academic Edition, excluding Law Schools)  |d vLex Global (U.S. Academic Edition, Law Schools)  |d vLex Global (U.S. Academic Edition, excluding Law Schools)  |d vLex Global (Academic Edition, Law Schools) 
650 0 4 |a Derecho Pb︢lico y Administrativo  |z Brasil 
740 0 |a vLex Libros (Servicio en ln̕ea) 
856 4 0 |u http://vlex.com/source/transforma-es-direito-administrativo-consequencialismo-estrategias-regulatorias-20325  |z Acceso restringido 
942 |c BOOK 
999 0 |a Public and Administrative Law